Statistics for Japan Multiple Choice

Click here to take the quiz!

General Stats

  • This quiz has been taken 377 times
  • The average score is 7 of 16

Answer Stats

QuestionAnswer% Correct
What city used to be Japan's capital up until 1868?Kyoto
69%
What is the national sport of Japan?Sumo
66%
Who was Japan's emperor during the World War II?Hirohito
61%
The nuclear power disaster that affected hundreds of citizens to flee to nearby cities in 2011 took place in which of the above?Fukushima
60%
What is the national fish of Japan?Carp
57%
What is the largest religion in Japan?Shintoism
57%
The first jurisdiction and administrative division of Japan is which one of these?Prefectures
53%
True or false? - Japan killed fewer Chinese than Nazis killed Jews during the WWII.False
46%
What is Karoshi?Death from overwork
42%
Almost everyone knows Mount Fuji is Japan's highest mountain, but what is its 2nd highest?Mount Kita
31%
What is the largest city on the island of Shikoku?Matsuyama
31%
Which political party is the largest one after the 2017 general elections?Liberal Democratic Party
30%
How many times has Japan won the AFC Asian Cup?4
28%
The largest Japanese community outside of Japan is in which country?Brazil
28%
What period is Japan in currently?Heisei
28%
Japan has the highest life expectancy in the world, at about what age?83,7
27%

Score Distribution

Percentile by Number Answered

Percent of People with Each Score

Your Score History

You have not taken this quiz